Countries in the Congo Rainforest 🌳 - Statistics

General Stats
  • This quiz has been taken 63 times
  • The average score is 5 of 6
Answers on the Map
Answers color-coded by a green-red scale on the quiz's map according to % correct below.
 
Answer Stats
Answer % Correct
Democratic Republic of the Congo
100%
Republic of the Congo
95%
Central African Republic
85%
Gabon
83%
Cameroon
76%
Equatorial Guinea
51%
No matching quizzes found
Score Distribution
Percent of People with Each Score
Percentile by Number Answered
Your Score History
You have not taken this quiz